Meranie cenových bublín na akciovom trhu bakalárska práca

Saved in:
Bibliographic Details
Main Author: Vnuk, Matej
Corporate Author: Národohospodárska fakulta EU. Katedra financií
Other Authors: Káčer, Marek, 1976-
Format: Book
Language:Slovak
Published: Bratislava 2024
Tags: Add Tag
No Tags, Be the first to tag this record!

MARC

LEADER 00000nbm a2200000 4500
001 0301550
005 20241028104949.7
041 0 |a slo 
044 |a SK 
245 1 0 |a Meranie cenových bublín na akciovom trhu  |b bakalárska práca  |c Matej Vnuk ; školiteľ: Marek Káčer 
264 1 |a Bratislava  |c 2024 
300 |a 39 s. 
100 1 |a Vnuk, Matej 
700 1 |a Káčer, Marek, 1976- 
710 2 |a Národohospodárska fakulta EU. Katedra financií